000
00287nam a22001337a 4500
008
181017b xxu||||| |||| 00| 0 eng d
020
_a
9780813429090
041
_a
eng
080
_2
2nd
_a
591
100
_a
7
101
_a
ZOO
245
_a
Animal Health
_c
Greer,W.J
942
_2
udc
_c
BK
999
_c
50035
_d
50035